[Event "ODJM A 2022"]
[Site "Willingen GER"]
[Date "2022.06.08"]
[Round "6"]
[White "Kliashtornyi, Arkadii"]
[Black "Frohnhäuser, Simon"]
[Result "1/2-1/2"]
[Termination "normal"]
[Board "20"]
[WhiteElo "1755"]
[BlackElo "1944"]
[WhiteClock "00:02:46"]
[BlackClock "00:00:41"]
[PlyCount "135"]
[WhiteFideId "34119698"]
[BlackFideId "16208528"]
[EventCountry "GER"]
[EventRounds "9"]
[EventType "swiss"]
[EventDate "2022.06.04"]

1. d4 {[%clk 1:30:58]} e6 {[%clk 1:30:57]} 2. Nf3 {[%clk 1:31:00]} Nf6 {[%clk
1:31:12]} 3. g3 {[%clk 1:31:19]} b6 {[%clk 1:31:29]} 4. Bg2 {[%clk 1:31:27]}
Bb7 {[%clk 1:31:56]} 5. O-O {[%clk 1:31:27]} Be7 {[%clk 1:32:23]} 6. c4 {[%clk
1:31:31]} O-O {[%clk 1:31:13]} 7. Nc3 {[%clk 1:30:54]} d6 {[%clk 1:30:46]} 8.
Qc2 {[%clk 1:27:11]} Nbd7 {[%clk 1:31:08]} 9. e4 {[%clk 1:24:11]} e5 {[%clk
1:31:33]} 10. Rd1 {[%clk 1:16:51]} Qe8 {[%clk 1:23:39]} 11. h3 {[%clk 1:03:45]}
Bd8 {[%clk 1:22:54]} 12. Be3 {[%clk 0:57:54]} c6 {[%clk 1:17:34]} 13. Rd2
{[%clk 0:51:29]} Rc8 {[%clk 1:13:48]} 14. dxe5 {[%clk 0:45:38]} Nxe5 {[%clk
0:54:01]} 15. Nxe5 {[%clk 0:40:14]} dxe5 {[%clk 0:54:26]} 16. Rad1 {[%clk
0:39:12]} Bc7 {[%clk 0:50:40]} 17. b3 {[%clk 0:16:58]} h6 {[%clk 0:50:05]} 18.
c5 {[%clk 0:11:52]} Qe7 {[%clk 0:49:42]} 19. cxb6 {[%clk 0:08:49]} Bxb6 {[%clk
0:40:41]} 20. Bxb6 {[%clk 0:07:53]} axb6 {[%clk 0:41:06]} 21. Rd6 {[%clk
0:06:31]} Ba8 {[%clk 0:21:54]} 22. Na4 {[%clk 0:06:12]} Rb8 {[%clk 0:20:08]}
23. Qd2 {[%clk 0:05:21]} Nd5 {[%clk 0:18:45]} 24. exd5 {[%clk 0:05:14]} Qxd6
{[%clk 0:19:10]} 25. dxc6 {[%clk 0:05:39]} Qxd2 {[%clk 0:19:27]} 26. Rxd2
{[%clk 0:06:07]} Rfc8 {[%clk 0:08:12]} 27. Rc2 {[%clk 0:05:16]} Rc7 {[%clk
0:08:26]} 28. b4 {[%clk 0:05:42]} b5 {[%clk 0:08:40]} 29. Nc5 {[%clk 0:06:10]}
Rb6 {[%clk 0:07:17]} 30. Nd7 {[%clk 0:05:24]} Ra6 {[%clk 0:07:16]} 31. Nxe5
{[%clk 0:05:03]} Ra4 {[%clk 0:06:29]} 32. Nd3 {[%clk 0:02:38]} Kf8 {[%clk
0:05:07]} 33. Nc5 {[%clk 0:02:08]} Rxb4 {[%clk 0:01:13]} 34. Na6 {[%clk
0:02:15]} Rb1+ {[%clk 0:01:39]} 35. Kh2 {[%clk 0:02:41]} Rc8 {[%clk 0:02:05]}
36. Nb8 {[%clk 0:00:36]} Ke7 {[%clk 0:01:47]} 37. Nd7 {[%clk 0:00:33]} Rc7
{[%clk 0:00:36]} 38. Nb6 {[%clk 0:00:49]} Bxc6 {[%clk 0:00:33]} 39. Rxc6 {[%clk
0:00:38]} Rxc6 {[%clk 0:00:48]} 40. Bxc6 {[%clk 0:01:07]} Rb2 {[%clk 0:00:56]}
41. Bd5 {[%clk 0:01:16]} Rxf2+ {[%clk 0:00:49]} 42. Kg1 {[%clk 0:19:14]} Rf6
{[%clk 0:27:20]} 43. Nc8+ {[%clk 0:19:42]} Kd7 {[%clk 0:27:39]} 44. Na7 {[%clk
0:20:07]} b4 {[%clk 0:15:16]} 45. Nb5 {[%clk 0:04:51]} Rb6 {[%clk 0:11:52]} 46.
a4 {[%clk 0:04:19]} bxa3 {[%clk 0:11:18]} 47. Nxa3 {[%clk 0:04:44]} Ke7 {[%clk
0:11:30]} 48. Nc2 {[%clk 0:03:19]} Rb1+ {[%clk 0:10:04]} 49. Kf2 {[%clk
0:03:43]} Rb2 {[%clk 0:10:25]} 50. Be4 {[%clk 0:04:09]} g6 {[%clk 0:10:47]} 51.
g4 {[%clk 0:03:46]} Ke6 {[%clk 0:09:59]} 52. Kf3 {[%clk 0:03:20]} Ke5 {[%clk
0:08:14]} 53. Bd3 Rb3 {[%clk 0:07:41]} 54. Ke3 {[%clk 0:01:45]} f5 {[%clk
0:07:48]} 55. gxf5 {[%clk 0:02:10]} gxf5 {[%clk 0:08:13]} 56. Ne1 {[%clk
0:01:54]} f4+ {[%clk 0:08:21]} 57. Kf2 {[%clk 0:01:51]} Rb2+ {[%clk 0:07:44]}
58. Be2 {[%clk 0:01:38]} Ke4 {[%clk 0:04:18]} 59. Nf3 {[%clk 0:01:48]} Ra2
{[%clk 0:02:42]} 60. Ne1 {[%clk 0:01:52]} h5 {[%clk 0:02:29]} 61. Nf3 {[%clk
0:01:38]} Ra3 {[%clk 0:01:41]} 62. Bd1 {[%clk 0:01:42]} Rc3 {[%clk 0:01:38]}
63. Be2 {[%clk 0:01:44]} Rc8 {[%clk 0:01:05]} 64. h4 {[%clk 0:01:24]} Rc2
{[%clk 0:01:13]} 65. Ng5+ {[%clk 0:01:22]} Kf5 {[%clk 0:00:59]} 66. Nf3 {[%clk
0:01:51]} Ra2 {[%clk 0:00:51]} 67. Nd4+ {[%clk 0:02:19]} Kg6 {[%clk 0:00:41]}
68. Nf3 {[%clk 0:02:46]} 1/2-1/2

[Event "ODJM A 2022"]
[Site "Willingen GER"]
[Date "2022.06.08"]
[Round "6"]
[White "Fuchs, Florian"]
[Black "Kesselmeier, Kevin"]
[Result "1-0"]
[Termination "normal"]
[Board "21"]
[WhiteElo "1920"]
[BlackElo "1927"]
[WhiteClock "00:53:46"]
[BlackClock "00:02:37"]
[PlyCount "53"]
[WhiteFideId "16213351"]
[BlackFideId "16217551"]
[EventCountry "GER"]
[EventRounds "9"]
[EventType "swiss"]
[EventDate "2022.06.04"]

1. e4 {[%clk 1:30:57]} c5 {[%clk 1:30:30]} 2. Nf3 {[%clk 1:31:22]} d6 {[%clk
1:30:54]} 3. d4 {[%clk 1:31:49]} cxd4 {[%clk 1:31:18]} 4. Nxd4 {[%clk 1:32:15]}
Nf6 {[%clk 1:31:40]} 5. f3 {[%clk 1:32:42]} a6 {[%clk 1:31:26]} 6. c4 {[%clk
1:32:40]} e6 {[%clk 1:31:34]} 7. Nc3 {[%clk 1:32:04]} Be7 {[%clk 1:31:38]} 8.
Be3 {[%clk 1:32:29]} O-O {[%clk 1:31:55]} 9. Be2 {[%clk 1:32:40]} b6 {[%clk
1:28:46]} 10. O-O {[%clk 1:32:29]} Bb7 {[%clk 1:28:52]} 11. a4 {[%clk 1:30:02]}
a5 {[%clk 1:14:38]} 12. Ndb5 {[%clk 1:24:13]} Na6 {[%clk 1:02:22]} 13. Qe1
{[%clk 1:17:17]} Nd7 {[%clk 0:42:56]} 14. Rd1 {[%clk 1:15:09]} Qb8 {[%clk
0:36:41]} 15. Qg3 {[%clk 1:11:26]} Ne5 {[%clk 0:31:33]} 16. f4 {[%clk 1:10:38]}
Nd7 {[%clk 0:22:53]} 17. e5 {[%clk 1:09:44]} d5 {[%clk 0:18:29]} 18. cxd5
{[%clk 1:09:03]} exd5 {[%clk 0:18:24]} 19. Nxd5 {[%clk 0:56:14]} Bxd5 {[%clk
0:11:27]} 20. Rxd5 {[%clk 0:56:19]} Rd8 {[%clk 0:07:51]} 21. Rfd1 {[%clk
0:55:36]} Ndc5 {[%clk 0:07:15]} 22. Rxd8+ {[%clk 0:54:33]} Bxd8 {[%clk
0:07:39]} 23. Bf3 {[%clk 0:54:58]} Nb4 {[%clk 0:05:33]} 24. Bxa8 {[%clk
0:53:45]} Qxa8 {[%clk 0:05:55]} 25. Bxc5 {[%clk 0:52:58]} bxc5 {[%clk 0:06:19]}
26. Qf3 {[%clk 0:53:25]} Qc8 {[%clk 0:02:37]} 27. Qb7 {[%clk 0:53:46]} 1-0

[Event "ODJM A 2022"]
[Site "Willingen GER"]
[Date "2022.06.08"]
[Round "6"]
[White "Schwartz, Oliver"]
[Black "Gallasch, Robin"]
[Result "1/2-1/2"]
[Termination "normal"]
[Board "22"]
[WhiteElo "1753"]
[BlackElo "2063"]
[WhiteClock "00:04:27"]
[BlackClock "00:14:25"]
[PlyCount "115"]
[WhiteFideId "16207459"]
[BlackFideId "16222423"]
[EventCountry "GER"]
[EventRounds "9"]
[EventType "swiss"]
[EventDate "2022.06.04"]

1. d4 {[%clk 1:30:56]} d5 {[%clk 1:30:50]} 2. c4 {[%clk 1:31:15]} e6 {[%clk
1:31:00]} 3. Nc3 {[%clk 1:31:34]} a6 {[%clk 1:30:43]} 4. Qb3 {[%clk 1:29:48]}
dxc4 {[%clk 1:25:48]} 5. Qxc4 {[%clk 1:29:58]} b5 {[%clk 1:24:34]} 6. Qd3
{[%clk 1:30:08]} Bb7 {[%clk 1:23:38]} 7. Nf3 {[%clk 1:26:06]} Nf6 {[%clk
1:12:16]} 8. Bg5 {[%clk 1:18:06]} b4 {[%clk 1:06:04]} 9. Na4 {[%clk 1:12:55]}
Qd5 {[%clk 0:52:42]} 10. b3 {[%clk 0:57:43]} Nbd7 {[%clk 0:48:41]} 11. Rc1
{[%clk 0:54:57]} Bd6 {[%clk 0:46:20]} 12. e3 {[%clk 0:50:05]} Ne4 {[%clk
0:45:26]} 13. Bh4 {[%clk 0:48:35]} O-O {[%clk 0:42:07]} 14. Qc2 {[%clk
0:44:33]} Qh5 {[%clk 0:30:51]} 15. Be2 {[%clk 0:38:30]} Qg6 {[%clk 0:27:28]}
16. Bg3 {[%clk 0:36:55]} Rac8 {[%clk 0:22:46]} 17. Bd3 {[%clk 0:34:33]} f5
{[%clk 0:22:23]} 18. O-O {[%clk 0:32:37]} Nxg3 {[%clk 0:14:27]} 19. hxg3 {[%clk
0:32:38]} Nf6 {[%clk 0:11:51]} 20. Nc5 {[%clk 0:31:50]} Bxc5 {[%clk 0:07:54]}
21. Qxc5 {[%clk 0:31:20]} Qh6 {[%clk 0:05:47]} 22. Qxb4 {[%clk 0:30:41]} Rb8
{[%clk 0:05:52]} 23. Qe7 {[%clk 0:26:53]} Rfe8 {[%clk 0:05:11]} 24. Qxc7 {[%clk
0:23:34]} Ng4 {[%clk 0:05:32]} 25. Qf4 {[%clk 0:23:38]} Qh5 {[%clk 0:03:22]}
26. Qg5 {[%clk 0:23:15]} Qf7 {[%clk 0:03:41]} 27. Rc5 {[%clk 0:21:59]} h6
{[%clk 0:03:14]} 28. Qh4 {[%clk 0:22:23]} g5 {[%clk 0:03:01]} 29. Qh3 {[%clk
0:22:25]} Rbc8 {[%clk 0:01:08]} 30. Ne5 {[%clk 0:22:22]} Nxe5 {[%clk 0:01:23]}
31. Rxe5 {[%clk 0:22:44]} Kg7 {[%clk 0:01:24]} 32. g4 {[%clk 0:21:54]} Rc3
{[%clk 0:01:28]} 33. Bc4 {[%clk 0:21:19]} f4 {[%clk 0:01:03]} 34. Qh5 {[%clk
0:21:01]} Qxh5 {[%clk 0:00:43]} 35. gxh5 {[%clk 0:21:27]} Rc2 {[%clk 0:00:45]}
36. exf4 {[%clk 0:20:48]} gxf4 {[%clk 0:00:57]} 37. Rxe6 {[%clk 0:16:59]} Rxe6
{[%clk 0:01:00]} 38. Bxe6 {[%clk 0:17:25]} Kf6 {[%clk 0:01:09]} 39. Re1 {[%clk
0:16:03]} Rxa2 {[%clk 0:01:27]} 40. Bc4 {[%clk 0:15:47]} Rd2 {[%clk 0:01:09]}
41. Re6+ {[%clk 0:11:21]} Kg5 {[%clk 0:01:28]} 42. Bxa6 {[%clk 0:09:34]} Bxa6
{[%clk 0:01:46]} 43. Rxa6 {[%clk 0:09:58]} Kxh5 {[%clk 0:01:03]} 44. Ra4 {[%clk
0:02:30]} Kg4 {[%clk 0:27:08]} 45. Rc4 {[%clk 0:23:54]} h5 {[%clk 0:24:11]} 46.
b4 {[%clk 0:15:44]} h4 {[%clk 0:23:25]} 47. b5 {[%clk 0:10:02]} Rb2 {[%clk
0:23:49]} 48. Rc5 {[%clk 0:06:43]} h3 {[%clk 0:20:36]} 49. d5 {[%clk 0:04:03]}
hxg2 {[%clk 0:19:59]} 50. Kxg2 {[%clk 0:04:28]} f3+ {[%clk 0:20:15]} 51. Kg1
{[%clk 0:04:41]} Kh3 {[%clk 0:17:36]} 52. Rc1 {[%clk 0:05:07]} Rxb5 {[%clk
0:17:45]} 53. Rd1 {[%clk 0:05:32]} Rb7 {[%clk 0:16:43]} 54. d6 {[%clk 0:05:39]}
Rd7 {[%clk 0:16:40]} 55. Rd3 {[%clk 0:04:40]} Kg4 {[%clk 0:16:53]} 56. Kf1
{[%clk 0:04:47]} Kf4 {[%clk 0:14:18]} 57. Ke1 {[%clk 0:04:36]} Ke5 {[%clk
0:14:25]} 58. Kd2 {[%clk 0:04:27]} 1/2-1/2

[Event "ODJM A 2022"]
[Site "Willingen GER"]
[Date "2022.06.08"]
[Round "6"]
[White "Brockmeyer, Tobias"]
[Black "Hoffmann, Kay"]
[Result "1/2-1/2"]
[Termination "normal"]
[Board "23"]
[WhiteElo "1936"]
[BlackElo "1607"]
[PlyCount "167"]
[WhiteFideId "12982385"]
[BlackFideId "16227000"]
[EventCountry "GER"]
[EventRounds "9"]
[EventType "swiss"]
[EventDate "2022.06.04"]

1. Nf3 g6 2. g3 Bg7 3. Bg2 Nf6 4. c4 O-O 5. O-O d6 6. Nc3 Nc6 7. Rb1 e5 8. b4
Nd7 9. b5 Ne7 10. d4 f5 11. dxe5 Nxe5 12. Qb3 Kh8 13. Rd1 Nd7 14. Be3 f4 15.
Bxf4 Nc5 16. Qc2 Be6 17. Nd2 Nf5 18. Nb3 Nxb3 19. axb3 g5 20. Bc1 Nd4 21. Qd3
Bf5 22. Be4 Bxe4 23. Nxe4 h6 24. Bb2 Ne6 25. Qd5 Bxb2 26. Rxb2 Qc8 27. h4 gxh4
28. Qh5 hxg3 29. Qxh6+ Kg8 30. Qg6+ Ng7 31. Nxg3 Qd8 32. Rd5 Rf6 33. Qg4 Rxf2
34. Rg5 Rf7 35. Nh5 Qf8 36. Rxg7+ Rxg7 37. Nxg7 Qxg7 38. Qxg7+ Kxg7 39. Kf2 Kf6
40. Ke3 Ke6 41. Kd4 a6 42. Ra2 Rb8 43. bxa6 bxa6 44. Kc3 Rb6 45. b4 c5 46. bxc5
dxc5 47. Ra5 Rc6 48. Kd3 Kd6 49. Ke4 Kc7 50. Kd5 Rd6+ 51. Kxc5 Re6 52. Ra2 a5
53. Kb5 Re5+ 54. c5 a4 55. Rxa4 Rxe2 56. Ra7+ Kc8 57. Kb6 Rb2+ 58. Kc6 Kb8 59.
Rf7 Rc2 60. Rf8+ Ka7 61. Rd8 Rc1 62. Rh8 Rc2 63. Rh7+ Kb8 64. Rb7+ Kc8 65. Rg7
Kb8 66. Rg8+ Ka7 67. Kd6 Kb7 68. Rg7+ Kc8 69. Re7 Rc1 70. Re5 Kb7 71. Re7+ Kc8
72. Kc6 Kb8 73. Rb7+ Kc8 74. Ra7 Kb8 75. Rh7 Rc2 76. Rh8+ Ka7 77. Rh5 Kb8 78.
Kd6 Rd2+ 79. Rd5 Rxd5+ 80. Kxd5 Kc7 81. c6 Kc8 82. Kd6 Kd8 83. c7+ Kc8 84. Kc6
1/2-1/2

[Event "ODJM A 2022"]
[Site "Willingen GER"]
[Date "2022.06.08"]
[Round "6"]
[White "Fock, Amina"]
[Black "Scherer, Josua"]
[Result "0-1"]
[Termination "normal"]
[Board "24"]
[WhiteElo "1790"]
[BlackElo "1856"]
[PlyCount "80"]
[WhiteFideId "12981982"]
[BlackFideId "16244486"]
[EventCountry "GER"]
[EventRounds "9"]
[EventType "swiss"]
[EventDate "2022.06.04"]

1. e4 e5 2. Nf3 Nc6 3. Nc3 Nf6 4. Be2 d5 5. exd5 Nxd5 6. O-O Be7 7. Nxd5 Qxd5
8. b3 O-O 9. Bb2 Bf6 10. Re1 Qd6 11. Bf1 Bf5 12. h3 Rad8 13. g4 e4 14. Bxf6
Qxf6 15. Nh2 Bg6 16. Bg2 Qf4 17. Re3 f5 18. gxf5 Rxf5 19. Qe1 Qg5 20. Rg3 Qxd2
21. Bxe4 Qxe1+ 22. Rxe1 Re5 23. Rge3 Rxe4 24. Rxe4 Bxe4 25. Rxe4 Rd2 26. Rc4
Kf7 27. b4 Rd4 28. Rxd4 Nxd4 29. Ng4 Nxc2 30. Ne5+ Ke6 31. Nd3 Kd5 32. Kf1 Kc4
33. Nc5 Nxb4 34. Ne6 Nxa2 35. Nxg7 b5 36. Nf5 b4 37. Ne3+ Kd3 38. Nd1 Nc3 39.
Nb2+ Kc2 40. Nc4 b3 0-1

[Event "ODJM A 2022"]
[Site "Willingen GER"]
[Date "2022.06.08"]
[Round "6"]
[White "Özdemir, Edwin-Daniel"]
[Black "Schulz, Jannis"]
[Result "0-1"]
[Termination "normal"]
[Board "25"]
[WhiteElo "1718"]
[BlackElo "1810"]
[PlyCount "62"]
[WhiteFideId "12919055"]
[BlackFideId "16224710"]
[EventCountry "GER"]
[EventRounds "9"]
[EventType "swiss"]
[EventDate "2022.06.04"]

1. c4 e5 2. Nc3 g6 3. g3 Bg7 4. Bg2 Nc6 5. e4 Nge7 6. Nge2 d6 7. d3 h6 8. O-O
O-O 9. Rb1 a5 10. a3 Be6 11. b4 axb4 12. axb4 Qd7 13. Nd5 f5 14. b5 Nd4 15.
Nxd4 exd4 16. b6 Bxd5 17. exd5 c6 18. dxc6 Nxc6 19. Qb3 Kh7 20. Bb2 f4 21. Bxc6
bxc6 22. Kh1 f3 23. Rg1 Qh3 24. Rbe1 Rae8 25. Qd1 Rxe1 26. Qxe1 Rf5 27. Qf1 Qg4
28. h3 Rh5 29. Kh2 Qc8 30. g4 Be5+ 31. Kh1 Rh4 0-1

[Event "ODJM A 2022"]
[Site "Willingen GER"]
[Date "2022.06.08"]
[Round "6"]
[White "Garbuz, Nicole"]
[Black "Matthes, Benjamin"]
[Result "1-0"]
[Termination "normal"]
[Board "27"]
[WhiteElo "1824"]
[BlackElo "1851"]
[PlyCount "71"]
[WhiteFideId "12990701"]
[BlackFideId "16227298"]
[EventCountry "GER"]
[EventRounds "9"]
[EventType "swiss"]
[EventDate "2022.06.04"]

1. e4 Nf6 2. e5 Nd5 3. d4 d6 4. Bc4 Nb6 5. Bb3 dxe5 6. Qh5 e6 7. dxe5 Be7 8.
Qg4 g6 9. Bh6 N8d7 10. Nf3 Nc5 11. O-O Bd7 12. Rd1 Bf8 13. Be3 Nxb3 14. axb3
Nd5 15. Bg5 Be7 16. c4 Nb4 17. Nc3 h5 18. Qf4 Bxg5 19. Nxg5 Qe7 20. Nce4 Bc6
21. Nf6+ Kf8 22. Ngh7+ Kg7 23. Qg5 Qc5 24. g4 hxg4 25. Qxg4 Qxe5 26. Re1 Qf5
27. Qd4 Kh6 28. Qh4+ Kg7 29. Qd4 Rxh7 30. Nxh7+ Kxh7 31. Re5 Qf6 32. Rh5+ Kg7
33. Rh7+ Kxh7 34. Qxf6 Kg8 35. Rd1 Na6 36. Rd4 1-0

[Event "ODJM A 2022"]
[Site "Willingen GER"]
[Date "2022.06.08"]
[Round "6"]
[White "Heß, Wadim"]
[Black "Poggemann, Alexander"]
[Result "1/2-1/2"]
[Termination "normal"]
[Board "28"]
[WhiteElo "1374"]
[BlackElo "1829"]
[PlyCount "40"]
[WhiteFideId "16266129"]
[BlackFideId "16224167"]
[EventCountry "GER"]
[EventRounds "9"]
[EventType "swiss"]
[EventDate "2022.06.04"]

1. e4 c5 2. c3 d5 3. exd5 Qxd5 4. Nf3 Nc6 5. Be2 g6 6. O-O Bg7 7. Na3 Nf6 8. d4
cxd4 9. Nb5 Qd8 10. Nbxd4 Nxd4 11. Nxd4 O-O 12. Bf3 e5 13. Nb5 Qb6 14. a4 Rd8
15. Qe2 e4 16. Bxe4 Re8 17. Be3 Rxe4 18. Bxb6 Rxe2 19. Nc7 axb6 20. Nxa8 Rxb2
1/2-1/2